000 00856nam a2200265Ia 4500
003 OSt
005 20250221145940.0
008 210716s2001 xx 000 0 und d
020 _a0070444854
040 _cAIMIT LIBRARY
041 _aeng
082 _a005.7401
_21
_bVELR
100 _aVelpuri, Rama.
_9201756
245 _aOracle 8i :
_cBy Rama Velpuri and Anand Adkoli.
250 _a1st ed.
260 _aNew Delhi :
_bTata McGraw Hill Publishing Company Ltd ,
_c2001.
300 _axxi,695 p.;
_bPB
_c24.7 cm.
650 _aOverview of backup and recovery
_9201757
650 _aPhysical backups
_9201758
650 _aRecovery principles
_9201759
650 _aOracle recovery manager
_9201760
650 _aCase studies of backup and recovery
_9201761
650 _aNew features of oracle 8i
_9201762
942 _2ddc
_cBK
_e1st
_k005.7401 VELR
999 _c184809
_d184809